| 000 | 00904nam a22002655i 4500 | ||
|---|---|---|---|
| 001 | 178001 | ||
| 003 | ES-MaACL | ||
| 005 | 20230906220450.0 | ||
| 008 | 110512s1962 sp f |||| | spa d | ||
| 080 | _a39(72) | ||
| 080 | _a94(72) | ||
| 100 | 1 |
_aLarralde, Elsa. _9146485 |
|
| 245 | 1 | 0 |
_aMéxico _b: pueblo y costumbres / _cElsa Larralde ; [traducción de la quinta edición inglesa por Juan G. de Luances]. |
| 250 | _a1ª ed. | ||
| 260 |
_aBarcelona : _bSayma, _c1962. |
||
| 300 |
_a185, [16] p. de lám. bl. y n. ; _c18 cm. |
||
| 490 | 1 |
_aPanoramas A-Z. La universidad en su mano ; _v13 |
|
| 500 | _aÍndice. | ||
| 651 | 4 |
_aMéxico- _xUsos y costumbres. _9137275 |
|
| 651 | 0 | 4 |
_aMéxico- _xHistoria. _99062 |
| 700 | 0 |
_aLuaces, Juan G. de. _974483 |
|
| 830 | 0 |
_aPanoramas A-Z. La universidad en su mano ; _v13 _9190680 |
|
| 852 |
_aES-MaACL _jE-15070 _xOlim P-269-bis |
||
| 999 |
_c178001 _d178001 |
||